Normal view
MARC view
Entry Personal Name
001 - CONTROL NUMBER
- control field: 8692
003 - CONTROL NUMBER IDENTIFIER
- control field: ARRUPE
005 - DATE AND TIME OF LATEST TRANSACTION
- control field: 20140217135700.0
008 - FIXED-LENGTH DATA ELEMENTS
- fixed length control field: 140217|| aca||aabn | a|a d
040 ## - CATALOGING SOURCE
- Original cataloging agency: ARRUPE
- Transcribing agency: ARRUPE
100 ## - HEADING--PERSONAL NAME
- Personal name: Wagner, Richard,
- Dates associated with a name: 1813-1883.
- Title of a work: Tristan und Isolde.
670 ## - SOURCE DATA FOUND
- Source citation: Work cat.: (ARRUPE)0: Scruton, Roger. 8691, Death-devoted heart :, 2004.